[Event "Chess Siberia A"]
[Site "Novosibirsk"]
[Date "2017.06.28"]
[Round "7"]
[White "Kononov, Alexander"]
[Black "Suleymenov, Alisher"]
[Result "0-1"]
[WhiteElo "2244"]
[BlackElo "2293"]
[PlyCount "80"]
[EventDate "2017.06.24"]
[EventType "tourn"]
[EventRounds "9"]
[EventCountry "RUS"]
[EventCategory "1"]
[SourceTitle "EXT 2018"]
[Source "ChessBase"]
[SourceDate "2017.10.13"]
[SourceVersion "1"]
[SourceVersionDate "2017.10.13"]
[SourceQuality "1"]

1. d4 g6 2. Bf4 Bg7 3. e3 Nf6 4. Nd2 0-0 5. c3 d6 6. h4 c5 7. Be2 cxd4 8. cxd4 Nc6 9. h5 e5 10. dxe5 dxe5 11. Bg5 Qd5 12. Bxf6 Bxf6 13. e4 Qd4 14. Qc1 Nb4 15. Ngf3 Nd3+ 16. Bxd3 Qxd3 17. Qc4 Qd6 18. hxg6 hxg6 19. 0-0 Be6 20. Qa4 b5 21. Qa5 a6 22. Rfc1 Rac8 23. Nf1 g5 24. Qd2 Qe7 25. Ne3 g4 26. Nh2 Bg5 27. Qe2 g3 28. fxg3 Qa7 29. Nhf1 f6 30. b3 Rfd8 31. Qf2 Qd4 32. Rxc8 Rxc8 33. Rd1 Qxe4 34. Rd6 Rc1 35. Kh2 Qh7+ 36. Kg1 Qb1 37. Ng4 Qf5 38. Qxf5 Bxf5 39. Nxf6+ Bxf6 40. Rxf6 Bd3 0-1

[Event "Novosibirsk Siberia"]
[Site "Novosibirsk"]
[Date "2012.07.19"]
[Round "2"]
[White "Kononov, Alexander"]
[Black "Gubsky, Egor"]
[Result "1/2-1/2"]
[WhiteElo "2226"]
[BlackElo "2143"]
[PlyCount "61"]
[EventDate "2012.07.18"]
[EventType "tourn"]
[EventRounds "9"]
[EventCountry "RUS"]
[EventCategory "2"]
[SourceTitle "EXT 2013"]
[Source "ChessBase"]
[SourceDate "2012.11.22"]
[SourceVersion "1"]
[SourceVersionDate "2012.11.22"]
[SourceQuality "1"]

1. d4 Nf6 2. c4 e6 3. Nf3 b6 4. a3 Bb7 5. Nc3 d5 6. cxd5 Nxd5 7. Qc2 c5 8. dxc5 Bxc5 9. Bg5 Be7 10. Nxd5 Bxd5 11. Bxe7 Qxe7 12. e4 Bc6 13. Ne5 Bd7 14. Nxd7 Nxd7 15. Bb5 0-0 16. 0-0 Rac8 17. Qe2 Rfd8 18. Rac1 Rxc1 19. Rxc1 Nc5 20. Qc2 e5 21. Bc4 h6 22. h3 Rd4 23. f3 Kh7 24. Rd1 Ne6 25. Bxe6 Rxd1+ 26. Qxd1 Qxe6 27. Qd3 Qc6 28. b4 Qc1+ 29. Kf2 a5 30. bxa5 bxa5 31. Qb3 1/2-1/2

[Event "FRA-chT2 West 0809"]
[Site "France"]
[Date "2008.11.23"]
[Round "3.6"]
[White "Fayolle, Guy"]
[Black "Kononov, Alexander"]
[Result "0-1"]
[WhiteElo "1886"]
[BlackElo "2231"]
[PlyCount "96"]
[EventDate "2008.10.19"]
[EventType "tourn"]
[EventRounds "11"]
[EventCountry "FRA"]
[SourceTitle "EXT 2010"]
[Source "ChessBase"]
[SourceDate "2010.11.25"]
[SourceVersion "1"]
[SourceVersionDate "2010.11.25"]
[SourceQuality "1"]
[WhiteTeam "Saint Quentin"]
[BlackTeam "Evry Grand Roque II"]
[WhiteTeamCountry "FRA"]
[BlackTeamCountry "FRA"]

1. e4 Nc6 2. d4 e5 3. d5 Nce7 4. Nf3 Ng6 5. Be2 Bc5 6. c3 d6 7. Nbd2 Nf6 8. b4 Bb6 9. a4 a5 10. Bb5+ Bd7 11. Bxd7+ Qxd7 12. h3 Nf4 13. 0-0 g5 14. Nh2 h5 15. Kh1 Ke7 16. Qc2 h4 17. Nc4 axb4 18. Nxb6 cxb6 19. Bxf4 gxf4 20. cxb4 Rhc8 21. Qd3 Rxa4 22. Rxa4 Qxa4 23. Rb1 Qa2 24. Rf1 Qc4 25. Qa3 Nxe4 26. Qa7 Qa6 27. Qxa6 bxa6 28. Nf3 Nc3 29. Ra1 Ra8 30. Nxh4 Nxd5 31. Rb1 Rc8 32. Nf3 Rc4 33. h4 Nxb4 34. h5 Kf6 35. Nd2 Rd4 36. Nb3 Re4 37. Nd2 Re2 38. Nc4 d5 39. Nxb6 a5 40. Ra1 d4 41. Rxa5 d3 42. Nd5+ Nxd5 43. Rxd5 d2 44. Kh2 Rxf2 45. Kh3 e4 46. g4 fxg3 47. Kxg3 e3 48. Rd3 Rf1 0-1

[Event "Evry op 2nd"]
[Site "Evry"]
[Date "2006.11.04"]
[Round "6"]
[White "Kononov, Alexander"]
[Black "Lautier, Eric"]
[Result "1-0"]
[WhiteElo "2243"]
[BlackElo "1630"]
[PlyCount "43"]
[EventDate "2006.11.01"]
[EventType "swiss"]
[EventRounds "7"]
[EventCountry "FRA"]
[SourceTitle "EXT 2007"]
[Source "ChessBase"]
[SourceDate "2006.11.23"]
[SourceVersion "1"]
[SourceVersionDate "2006.11.23"]
[SourceQuality "1"]

1. d4 Nf6 2. c4 e6 3. Nc3 Bb4 4. Qc2 b6 5. e4 Bxc3+ 6. bxc3 d6 7. f4 Bb7 8. Bd3 0-0 9. Nf3 Nbd7 10. e5 Bxf3 11. gxf3 g6 12. exf6 Qxf6 13. Be3 Qh4+ 14. Qf2 Qe7 15. h4 h5 16. Kd2 d5 17. Rhg1 Qa3 18. cxd5 Qb2+ 19. Bc2 exd5 20. f5 Nf6 21. Bg5 Ne8 22. Be7 1-0

[Event "Aurec Cup"]
[Site "Aurec"]
[Date "2002.06.15"]
[Round "1"]
[White "Perrichon, Jim"]
[Black "Kononov, Alexander"]
[Result "1/2-1/2"]
[WhiteElo "2140"]
[BlackElo "2240"]
[PlyCount "83"]
[EventDate "2002.06.??"]
[EventType "team-tourn"]
[EventRounds "5"]
[EventCountry "FRA"]
[SourceTitle "EXT 2004"]
[Source "ChessBase"]
[SourceDate "2003.11.25"]
[SourceVersion "1"]
[SourceVersionDate "2003.11.25"]
[SourceQuality "1"]

1. d4 d5 2. Nf3 Bf5 3. g3 e6 4. Bg2 c6 5. b3 Nf6 6. 0-0 Bd6 7. c4 0-0 8. Nbd2 Nbd7 9. Bb2 Rc8 10. Re1 Bb8 11. Nh4 Bg4 12. Bf3 Bxf3 13. Nhxf3 Ne4 14. Nxe4 dxe4 15. Ne5 f5 16. Nxd7 Qxd7 17. e3 Qf7 18. Ba3 Rfd8 19. Qe2 e5 20. Bb2 exd4 21. Bxd4 c5 22. Bb2 Rd3 23. Rad1 Rcd8 24. Rxd3 Rxd3 25. Rc1 Bc7 26. Bc3 Bd8 27. h4 Bf6 28. Bxf6 Qxf6 29. Rd1 Qd6 30. Rxd3 exd3 31. Qd2 a6 32. Kf1 b5 33. Ke1 b4 34. Qb2 Qe6 35. Kd2 Qe4 36. Qb1 Qf3 37. Qf1 h6 38. Kxd3 Qe4+ 39. Kd2 Qe5 40. Qd3 Qb2+ 41. Qc2 Qe5 42. Qd3 1/2-1/2